00598nam a2200169 i 450000100060000000300090000600500170001500700030003200800410003504000190007610000340009524501620012926000690029130000210036071000230038185200240040453891ES-MaACL20230906162841.0t|931025s1889 sp ||||1| spa d aAS bspa cPAB1 aFernández Prida, Joaquín.13aLa paz armada b: discurso leido en el Ateneo y Sociedad de Excursiones de Sevilla al inagurarse el curso de 1889 a 1890 / cpor Joaquín Fernández Prida. aSevilla : b[s.n.], c1889 (fTipografía de Díaz y Carballo) a55 p. ; c18 cm.2 aAteneo de Sevilla. aES-MaACLjT-575-F-2